Normal view
MARC view
Entry Personal Name
001 - CONTROL NUMBER
- control field: 5838
003 - CONTROL NUMBER IDENTIFIER
- control field: BD-RjUL
005 - DATE AND TIME OF LATEST TRANSACTION
- control field: 20221114151304.0
008 - FIXED-LENGTH DATA ELEMENTS
- fixed length control field: 221114|| aca||aabn | a|a d
040 ## - CATALOGING SOURCE
- Original cataloging agency: BD-RjUL
- Transcribing agency: BD-RjUL
100 ## - HEADING--PERSONAL NAME
- Personal name: Begum, Mahbuba
670 ## - SOURCE DATA FOUND
- Source citation: Work cat.: (BD-RjUL)80772: Begum, Mahbuba, Ecology, Biology and Fishery of clupisoma atherinoides (Bloch) (Cypriniformess : , 1999